What goes up must go up? (Record no. 76615)

MARC details
000 -LEADER
fixed length control field 00846cab a2200193 4500
001 - CONTROL NUMBER
control field ##L132767
008 - FIXED-LENGTH DATA ELEMENTS--GENERAL INFORMATION
fixed length control field 060307n2006 000 0 eng u
035 ## - SYSTEM CONTROL NUMBER
System control number (Sirsi) u132767
041 0# - LANGUAGE CODE
Language code of text/sound track or separate title eng
100 1# - MAIN ENTRY--PERSONAL NAME
Personal name Birch, Julian
245 00 - TITLE STATEMENT
Title What goes up must go up?
260 ## - PUBLICATION, DISTRIBUTION, ETC.
Date of publication, distribution, etc. 2006
490 #0 - SERIES STATEMENT
Series statement Roof
Volume/sequential designation 31(2) March/April 2006, 26-31(6)
520 ## - SUMMARY, ETC.
Summary, etc. The latest "Roof" housing market healthcheck reports that house prices are bouncing back despite a crisis in affordability for first-time buyers. Asks whether young buyers will continue to be squeezed out with the supply of new homes restricted and demand boosted by buy-to-let investor? Tables include the latest "Roof" affordability index.
590 ## - LOCAL NOTE (RLIN)
Local note IKA140306
650 24 - SUBJECT ADDED ENTRY--TOPICAL TERM
Topical term or geographic name entry element ROOF AFFORDABILITY INDEX
690 ## - LOCAL SUBJECT ADDED ENTRY--TOPICAL TERM (OCLC, RLIN)
Topical term or geographic name as entry element PROPERTY-RESIDENTIAL PROPERTY-RESIDENTIAL PROPERTY MARKET
942 ## - ADDED ENTRY ELEMENTS (KOHA)
Suppress in OPAC 0
Holdings
Withdrawn status Lost status Source of classification or shelving scheme Damaged status Not for loan Home library Current library Shelving location Date acquired Total Checkouts Full call number Barcode Date last seen Copy number Price effective from Koha item type
    Dewey Decimal Classification     London London Journal article 07/03/2006   L132767 132767-1001 06/08/2019 1 06/08/2019 Journal article